| 000 | 00704nam a2200241Ia 4500 | ||
|---|---|---|---|
| 003 | IT-RoPAU | ||
| 008 | 120407s9999 xx 000 0 und d | ||
| 040 | _aIT-RoPAU | ||
| 040 | _cIT-RoPAU | ||
| 041 | _aita | ||
| 100 | _aHeinrick Roth | ||
| 245 | _aAutorità o democrazia nell’educazione ?... | ||
| 250 | _aFrancavilla a Mare | ||
| 260 | _aPia Società San Paolo | ||
| 260 | _c1969 | ||
| 300 | _a103 p. | ||
| 300 | _c17 cm | ||
| 490 | _aConosci tuo figlio? | ||
| 490 | _v5 | ||
| 600 | _a"Tit. orig.: Autoritàr oder demokratisch eriehen? Trad. A. Messori. 3. ed. 1 - Fanciulli, Educazione I - Messori , Alcide 370 BNI 70-428" | ||
| 942 | _cBK | ||
| 999 |
_c24086 _d24086 |
||